LEADER 00863nam0-22002891i-450- 001 990003198960403321 035 $a000319896 035 $aFED01000319896 035 $a(Aleph)000319896FED01 035 $a000319896 100 $a20000920d1967----km-y0itay50------ba 101 0 $aita 102 $aIT 200 1 $aSociological Analysis and Politics$eThe Theories of Talcott Parsons$fWilliam Mitchell. 210 $aEnglewood Cliffs$dN.J.$cPrentice-Hall$d\c\\1967. 215 $aXII, 222 p.$d23 cm 225 1 $aPrentice-Hall Contemporary Political Theory Series$vs.n. 676 $a21131 702 1$aMitchell,$bWilliam E. 801 0$aIT$bUNINA$gRICA$2UNIMARC 901 $aBK 912 $a990003198960403321 952 $a21131 MIT$b2064/I$fSES 959 $aSES 996 $aSociological Analysis and Politics$9453081 997 $aUNINA DB $aING01 LEADER 01065nam0-2200373---450- 001 990000581300203316 010 $a88-464-2898-6 035 $a0058130 035 $aUSA010058130 035 $a(ALEPH)000058130USA01 035 $a0058130 100 $a20010724d2001----km-y0itay0103----ba 101 $aita 102 $aIT 105 $a||||||||001yy 200 1 $aCome mantenere sana e bella la pelle$fSonia Dietrich 210 $aMilano$cF. Angeli$dcopyr. 2001 215 $a90 p.$d24 cm 225 2 $aSelf-help 410 0$12001$aSelf-help 606 0 $aCosmetici 676 $a668.5505 700 1$aDIETRICH,$bSonia$0546909 801 0$aIT$bsalbc$gISBD 912 $a990000581300203316 951 $a668.5505 DIE$b158951 L.M.$c668.5505$d00075963 959 $aBK 969 $aFAR 979 $aALESSANDRA$b40$c20010724$lUSA01$h1037 979 $aALESSANDRA$b40$c20010724$lUSA01$h1037 979 $c20020403$lUSA01$h1707 979 $aPATRY$b90$c20040406$lUSA01$h1640 996 $aCome mantenere sana e bella la pelle$9883761 997 $aUNISA